Statistics for Find Out The Song #6

Click here to take the quiz!

General Stats

  • This quiz has been taken 104 times
    (72 since last reset)
  • The average score is 92 of 205

Answer Stats

Answer% Correct
I
97%
You
90%
you
90%
The
88%
the
88%
and
78%
And
78%
be
71%
can
69%
to
69%
me
68%
in
66%
my
63%
of
63%
she
63%
when
63%
When
63%
your
63%
it
58%
for
56%
could
54%
her
53%
so
53%
not
46%
say
44%
this
44%
ever
42%
If
42%
Out
41%
out
41%
how
37%
I'm
36%
with
34%
always
32%
feel
32%
know
32%
now
32%
been
31%
head
31%
here
31%
Come
29%
good
29%
I'll
29%
thing
27%
down
24%
I've
24%
over
24%
only
22%
stop
22%
you've
22%
You've
22%
again
20%
everything
20%
sing
20%
anything
19%
ask
19%
Hold
19%
real
19%
wanted
19%
away
15%
forever
15%
Hello
15%
promise
14%
red
14%
wonder
14%
along
12%
Breathe
12%
breathe
12%
gotta
12%
into
12%
myself
12%
waited
12%
Everlong
10%
throw
10%
sang
8%
Slow
8%
Tonight
8%
waste
7%

Score Distribution

Percentile by Number Answered

Percent of People with Each Score

Your Score History

You have not taken this quiz since the last reset